| 000 | 00744nam a22002057a 4500 | ||
|---|---|---|---|
| 999 |
_c2306 _d2306 |
||
| 003 | AR-CdUCM | ||
| 008 | 190304b ||||| |||| 00| 0 spa d | ||
| 040 |
_aMUNICIPALIDAD PROVINCIAL DEL CUSCO _cBIBLIOTECA MUNICIPAL DEL CUSCO |
||
| 082 |
_a320.12 / _bV62 |
||
| 100 |
_aVicens Vives, Jaime _98325 |
||
| 245 |
_aTratado general de geopolitica : _bFactor geografico y el proceso historico / |
||
| 260 |
_aBarcelona : _bVicens Vives, _c1981. |
||
| 300 |
_a242 páginas ; _c20 cm. |
||
| 505 | _aGeografía Política, geopolítica y geohistoria -- El suelo, la cultura y el estado -- Las tensiones internacionales | ||
| 650 |
_aGeopolítica _98326 |
||
| 650 |
_aBarcelona _98327 |
||
| 650 |
_aTratado _98328 |
||
| 942 |
_2ddc _cLIBROS |
||
| 945 | _admma | ||